Worked examples in fratured mechanics (Record no. 65167)

000 -LEADER
fixed length control field 00423nam a22001697a 4500
003 - CONTROL NUMBER IDENTIFIER
control field NUST - PNEC
005 - DATE AND TIME OF LATEST TRANSACTION
control field 20170116180908.0
008 - FIXED-LENGTH DATA ELEMENTS--GENERAL INFORMATION
fixed length control field 150902b xxu||||| |||| 00| 0 eng d
020 ## - INTERNATIONAL STANDARD BOOK NUMBER
International Standard Book Number -
040 ## - CATALOGING SOURCE
Transcribing agency LIBRARY
082 ## - DEWEY DECIMAL CLASSIFICATION NUMBER
Classification number 620.1126 KNO
100 ## - MAIN ENTRY--PERSONAL NAME
9 (RLIN) 6816
Personal name Knott, J.F.
245 ## - TITLE STATEMENT
Title Worked examples in fratured mechanics
Statement of responsibility, etc. J.F.Knott
260 ## - PUBLICATION, DISTRIBUTION, ETC.
Date of publication, distribution, etc. 1991
650 ## - SUBJECT ADDED ENTRY--TOPICAL TERM
9 (RLIN) 6821
Topical term or geographic name entry element Mechanical Engineering
General subdivision ME
942 ## - ADDED ENTRY ELEMENTS (KOHA)
Source of classification or shelving scheme
Koha item type Book
Holdings
Withdrawn status Lost status Source of classification or shelving scheme Damaged status Not for loan Permanent Location Current Location Shelving location Date acquired Total Checkouts Full call number Barcode Date last seen Price effective from Koha item type
          Pakistan Navy Engineering College (PNEC) Pakistan Navy Engineering College (PNEC)       620.1126 KNO PNECLIB-015458 09/02/2015   Book
          Pakistan Navy Engineering College (PNEC) Pakistan Navy Engineering College (PNEC)       620.1126 KNO PNECLIB-015457 09/02/2015   Book
          Pakistan Navy Engineering College (PNEC) Pakistan Navy Engineering College (PNEC)       620.1126 KNO PNECLIB-015460 09/02/2015   Book
© 2023 Central Library, National University of Sciences and Technology. All Rights Reserved.